000 01724nkc a2200301za 4500
001 84589
003 OSt
005 20260423161909.0
007 kh boc
008 250410s1909 sp ||||| ||||||0| i|spa d
040 _cM-RABA
_aM-RABA
_bspa
245 0 4 _aLos crucificados en el Collado de Gavaá
_h[Material gráfico]
_c/ Juan Enrich
246 _aLos crucificados en el Collado de Gabaa
260 _b[Hauser y Menet]
_c, [ca. 1909]
300 _a1 fotografía
_b: gelatina de plata
_c; imagen 19 x 11,2 cm
_c; soporte secundario 30 x 24 cm
500 _aFotografía del relieve "Los crucificados en el Collado de Gabaa" de Juan Enrich, presentado por el artista en 1782. Se conserva en el Museo de la Real Academia de Bellas Artes de San Fernando con nº de inventario E-290
500 _aMontada sobre un soporte secundario de cartón, con texto manuscrito a lápiz en la parte inferior al recto: "Los crucificados en el Collado de Gavaá-Juan Enrich. Para la recepción de académico de mérito 1782". Nota manuscrita al verso a lápiz rojo: "Juan Enrich".
500 _aFecha probable de la realización de la fotografía realizada por Hauser y Menet.
544 _aArchivo de la Real Academia de Bellas Artes de San Fernando (Le-4-29-1)
600 1 0 _aEnrich, Juan
_d(1743-1795)
_9111693
610 2 4 _aReal Academia de Bellas Artes de San Fernando.
_975832
651 7 _aMadrid
_2embne
_975182
655 7 _aFotografías de obras de arte
_975675
710 2 _aHauser y Menet (Madrid)
_950978
852 _jFot-613
856 _3Fot-613
_uhttps://archivoybiblioteca.realacademiabellasartessanfernando.com/cgi-bin/koha/opac-retrieve-file.pl?id=066b2dd021a3aa21c75c3cce609d4299
942 _2ddc
_cFOTOGRAFÍA
_n0
999 _c84589
_d84589